000 01447cam a2200313 a 4500
001 15844126
003 OSt
005 20151013145445.0
008 090730s2010 nyua b 001 0 eng
010 _a 2009031491
020 _a9780073370675 (pbk.)
020 _a0073370673 (pbk.)
035 _a(OCoLC)ocn320803014
040 _aDLC
_cDLC
_dYDX
_dYDXCP
_dDLC
050 0 0 _aHQ796
_b.S26 2010
082 0 0 _a305.235
_222
100 1 _aSantrock, John W.
245 1 0 _aAdolescence /
_cJohn W. Santrock.
250 _a13th ed.
260 _aNew York :
_bMcGraw-Hill,
_cc2010.
300 _axli, 577 p. :
_bill. (chiefly col.) ;
_c28 cm.
504 _aIncludes bibliographical references and indexes.
505 0 _aIntroduction -- Appendix: Careers in adolescent development -- Puberty, health, and biological foundations -- The brain and cognitive development -- The self, identity, emotion, and personality -- Gender -- Sexuality -- Moral development, values, and religion -- Families -- Peers, romantic relationships, and lifestyles -- Schools -- Achievement, work, and careers -- Culture -- Problems in adolescence and emerging adulthood.
650 0 _aAdolescence.
650 0 _aAdolescent psychology.
906 _a7
_bcbc
_corignew
_d1
_eecip
_f20
_gy-gencatlg
942 _2lcc
_cBK
999 _c250525
_d250525